书目信息 |
| 题名: |
大学体育教程
|
|
| 作者: | 林克明 , 丁英俊 , 崔伟 主编 | |
| 分册: | ||
| 出版信息: | 郑州 河南人民出版社 2006.08 |
|
| 页数: | 312页 | |
| 开本: | 28cm | |
| 丛书名: | ||
| 单 册: | ||
| 中图分类: | G807.4 | |
| 科图分类: | ||
| 主题词: | 体育理论 | |
| 电子资源: | ||
| ISBN: | 978-7-215-06024-1 | |
| 000 | 00688nam0 2200217 450 | |
| 001 | 1063438634 | |
| 005 | 20120920104343.62 | |
| 010 | @a978-7-215-06024-1@dCNY26.00 | |
| 100 | @a20091116d2006 km y0chiy0120 ea | |
| 101 | 0 | @achi |
| 102 | @aCN@b410000 | |
| 200 | 1 | @a大学体育教程@Ada xue ti yu jiao cheng@f丁英俊,崔伟,林克明主编@Fding ying jun,cui wei,lin ke ming zhu bian |
| 210 | @a郑州@c河南人民出版社@d2006.08 | |
| 215 | @a312页@d28cm | |
| 606 | 0 | @a体育理论 |
| 690 | @aG807.4@v4 | |
| 701 | 0 | @a林克明@Alin ke ming@4主编 |
| 701 | 0 | @a丁英俊@Ading ying jun@4主编 |
| 701 | 0 | @a崔伟@Acui wei@4主编 |
| 801 | 0 | @aCN@b大连网信软件有限公司图书馆·11@c20120920 |
| 905 | @aZUCC@dG807.4@eD590 | |
| 大学体育教程/丁英俊,崔伟,林克明主编.-郑州:河南人民出版社,2006.08 |
| 312页;28cm |
| ISBN 978-7-215-06024-1:CNY26.00 |
| ● |
| 相关链接 |
|
|
|
正题名:大学体育教程
索取号:G807.4/D590
 
预约/预借
| 序号 | 登录号 | 条形码 | 馆藏地/架位号 | 状态 | 备注 |
| 1 | 465488 | 204654882 | 社科库409/409社科库 20排1列5层/ [索取号:G807.4/D590] | 在馆 | |
| 2 | 465489 | 204654891 | 社科库409/409社科库 19排4列5层/ [索取号:G807.4/D590] | 在馆 | |
| 3 | 465728 | 204657282 | 社科二线422/409社科库 20排1列5层/ [索取号:G807.4/D590] | 在馆 | |
| 4 | 465927 | 204659271 | 社科库409/409社科库 20排1列5层/ [索取号:G807.4/D590] | 在馆 | |
| 5 | 465958 | 204659583 | 社科库409/409社科库 20排1列5层/ [索取号:G807.4/D590] | 在馆 | |
| 6 | 470167 | 204701670 | 社科库409/409社科库 19排4列5层/ [索取号:G807.4/D590] | 在馆 | |
| 7 | 470170 | 204701705 | 社科库409/409社科库 19排4列5层/ [索取号:G807.4/D590] | 在馆 | |
| 8 | 487071 | 204870719 | 社科库409/422社科库 16排2列6层/ [索取号:G807.4/D590] | 在馆 |